[Event "Tournoi Skype 020A"]
[Site "Skype"]
[Date "????.??.??"]
[Round "7.23"]
[White "Perrone, Gabriel Lorenzo"]
[Black "Sauvaget, Joel"]
[Result "0-1"]
[WhiteElo "1453"]
[BlackElo "1580"]
[PlyCount "106"]

1. d4 d5 2. c4 c6 3. Nc3 Nf6 4. Bg5 e6 5. Nf3 Be7 6. e3 h6 7. Bh4 O-O 8. Bd3
Nbd7 9. O-O a6 10. Re1 Ne8 11. Bxe7 Qxe7 12. cxd5 exd5 13. e4 dxe4 14. Bxe4 Qd8
15. d5 cxd5 16. Nxd5 Nef6 17. Nxf6+ Nxf6 18. Qxd8 Rxd8 19. Bc2 Be6 20. h3 Rac8
21. Bd1 b5 22. Be2 Nd5 23. Nd4 Nf4 24. Nxe6 Nxe6 25. Bg4 Rc6 26. a4 b4 27. Bxe6
fxe6 28. Rac1 Rdc8 29. Rcd1 Kf7 30. g3 a5 31. Re5 Ra6 32. f4 Ke7 33. f5 Kf6 34.
Rxe6+ Rxe6 35. fxe6 Kxe6 36. Re1+ Kd6 37. b3 Rc5 38. Kg2 Rc3 39. Rd1+ Kc5 40.
Rb1 Kd4 41. Rd1+ Rd3 42. Rf1 Rxb3 43. Rf4+ Kd5 44. Rf5+ Kc4 45. Rxa5 Ra3 46.
Ra7 b3 47. Rc7+ Kd3 48. Rd7+ Ke4 49. Re7+ Kd5 50. Ra7 b2 51. Rd7+ Kc5 52. Rb7
Ra2 53. a5 b1=Q+ 0-1

[Event "Tournoi Skype 020A"]
[Site "Skype"]
[Date "????.??.??"]
[Round "7.24"]
[White "Mitrani, Alberto"]
[Black "Meaney, Mike"]
[Result "1-0"]
[WhiteElo "1538"]
[BlackElo "1491"]
[PlyCount "91"]

1. c4 Nf6 2. g3 c6 3. Bg2 e6 4. Nc3 Na6 5. a3 Be7 6. Nf3 d5 7. b3 d4 8. Na2 c5
9. O-O Bd6 10. d3 h6 11. e4 dxe3 12. fxe3 Qc7 13. Qe1 Ng4 14. Nc3 h5 15. Nb5
Qb8 16. Nxd6+ Qxd6 17. Qc3 e5 18. h3 Qh6 19. hxg4 hxg4 20. Qxe5+ Be6 21. Nh4
Nb8 22. Bxb7 Nd7 23. Bc6 Rd8 24. e4 Qh5 25. Qxg7 Ke7 26. Ng6+ Qxg6 27. Bg5+ Kd6
28. Qxg6 fxg6 29. Bxd7 Rxd7 30. Rf6 Rdh7 31. Kf2 Rh2+ 32. Ke3 Rg2 33. e5+ Kxe5
34. Rf2 Rxg3+ 35. Ke2 Rf3 36. Rxf3 gxf3+ 37. Kxf3 Rf8+ 38. Ke3 Rf5 39. Rg1 Rf7
40. b4 cxb4 41. axb4 a6 42. d4+ Kd6 43. d5 Bd7 44. Bf4+ Ke7 45. Rxg6 Rf6 46.
Bg5 1-0

[Event "Tournoi Skype 020A"]
[Site "Skype"]
[Date "????.??.??"]
[Round "7.25"]
[White "Yardimci, Ertan"]
[Black "Munoz Gonzalez, Martin"]
[Result "1-0"]
[WhiteElo "1495"]
[BlackElo "1505"]
[PlyCount "93"]

1. d4 Nf6 2. Nf3 g6 3. c4 Bg7 4. Nc3 d6 5. e4 c5 6. d5 a6 7. Be2 O-O 8. h3 Re8
9. O-O Nbd7 10. Bg5 Nb6 11. Bd3 Nfd7 12. Qd2 Ne5 13. Nxe5 Bxe5 14. Be3 Nd7 15.
f4 Bg7 16. Rf2 b6 17. Raf1 Bb7 18. f5 Ne5 19. fxg6 fxg6 20. Be2 Qd7 21. Bf4 Rf8
22. Bxe5 Rxf2 23. Rxf2 Bxe5 24. Bg4 Qd8 25. Be6+ Kh8 26. Bg4 Bc8 27. Qe2 Bd4
28. Nd1 Bxf2+ 29. Nxf2 Bxg4 30. Nxg4 Qf8 31. b3 Qg7 32. e5 Rf8 33. e6 Qa1+ 34.
Kh2 Rf1 35. Qd2 Rh1+ 36. Kg3 Qe1+ 37. Qf2 Qxf2+ 38. Nxf2 Ra1 39. a4 Rb1 40. Kf4
Rxb3 41. Ne4 Rb4 42. Nxd6 Kg8 43. Ke5 exd6+ 44. Kxd6 Rxc4 45. Ke7 Rd4 46. d6
Rxd6 47. Kxd6 1-0